006810000a22002050004500090001300000245005800013044001300071041001300084690002000097690003900117690003500156690001900191653001500210700004000225700003700265100003900302942001300341773010400354999001700458 aSERIADAS10aLowland reptiles of Yacopí (Cundinamarca, Colombia) aColombia0 aInglés aReptiles992767 aDistribución geográfica992997 aInventarios de reptiles997510 aSaurios993000 fColubridae1 aMedina Rangel, Guido Fabián997911 aCastaño Mora, Olga Victoria971 aMoreno Arias, Rafael Angel9100649 cARTICULO1 tRevista de la Academia Colombiana de Ciencias Exactas, Físicas y Naturalesh122q93-103d2008g32 c16350d16350